| 000 | 00423nam a22001697a 4500 | ||
|---|---|---|---|
| 005 | 20251108171956.0 | ||
| 008 | 250721s1981 xx 000 0 ara d | ||
| 082 | 1 | 4 | _a658/عاط |
| 100 | 1 | _aعبيد، عاطف محمد | |
| 245 | 1 | 0 | _aأصول الإدارة و التنظيم / |
| 264 | _c1981. | ||
| 300 | _a493ص | ||
| 650 | 1 | 7 | _aالإدارة |
| 650 | 1 | 7 | _aالتنظيم |
| 942 |
_2ddc _cBK |
||
| 999 |
_c67370 _d67370 |
||